|
|
|
|
| LEADER |
00679nab a2200181 i 4500 |
| 001 |
misc866 |
| 005 |
20191106143951.0 |
| 008 |
170607s1905 hu o 0|| ger d |
| 040 |
|
|
|a SZTE Miscellanea Repozitórium
|b hun
|
| 041 |
|
|
|a ger
|
| 100 |
1 |
|
|a Herdegen János Bernát
|
| 245 |
1 |
0 |
|a Herdegen János Bernát budai provisor utasítása 1687-ből
|h [elektronikus dokumentum] /
|c Herdegen János Bernát
|
| 260 |
|
|
|c 1905
|
| 300 |
|
|
|a 305-306
|
| 490 |
0 |
|
|a Magyar gazdaságtörténelmi szemle
|v 12
|
| 695 |
|
|
|a Magyarország történelme, Gazdaságtörténet
|
| 700 |
0 |
1 |
|a Kárffy Ödön
|e aut
|
| 856 |
4 |
0 |
|u http://misc.bibl.u-szeged.hu/866/1/gazd_tort_szeml_1905_305-306.pdf
|z Dokumentum-elérés
|